Power and policy in Syria : (Record no. 25553)
[ view plain ]
| 000 -LEADER | |
|---|---|
| fixed length control field | 01285cam a22003495a 4500 |
| 001 - CONTROL NUMBER | |
| control field | 18192035 |
| 005 - DATE AND TIME OF LATEST TRANSACTION | |
| control field | 20171109144556.0 |
| 008 - FIXED-LENGTH DATA ELEMENTS--GENERAL INFORMATION | |
| fixed length control field | 140618t2013 enk frb 001 0 eng d |
| 010 ## - LIBRARY OF CONGRESS CONTROL NUMBER | |
| LC control number | 2014412310 |
| 015 ## - NATIONAL BIBLIOGRAPHY NUMBER | |
| National bibliography number | GBB204787 |
| Source | bnb |
| 016 7# - NATIONAL BIBLIOGRAPHIC AGENCY CONTROL NUMBER | |
| Record control number | 016010524 |
| Source | Uk |
| 020 ## - INTERNATIONAL STANDARD BOOK NUMBER | |
| International Standard Book Number | 9781780762906 (pbk.) |
| 020 ## - INTERNATIONAL STANDARD BOOK NUMBER | |
| International Standard Book Number | 1780762909 (pbk.) |
| 035 ## - SYSTEM CONTROL NUMBER | |
| System control number | (OCoLC)ocn773432435 |
| 040 ## - CATALOGING SOURCE | |
| Original cataloging agency | UKMGB |
| Language of cataloging | eng |
| Transcribing agency | UKMGB |
| Modifying agency | BDX |
| -- | YDXCP |
| -- | SINLB |
| -- | GZM |
| -- | WAU |
| -- | OCLCA |
| -- | OCLCF |
| -- | BEDGE |
| -- | DLC |
| -- | EG-ScBUE |
| 043 ## - GEOGRAPHIC AREA CODE | |
| Geographic area code | a-sy--- |
| 082 04 - DEWEY DECIMAL CLASSIFICATION NUMBER | |
| Classification number | 327.5691 |
| Item number | ZIA |
| Edition number | 22 |
| 100 1# - MAIN ENTRY--PERSONAL NAME | |
| Personal name | Ziadeh, Radwan. |
| 245 10 - TITLE STATEMENT | |
| Title | Power and policy in Syria : |
| Remainder of title | intelligence services, foreign relations and democracy in the modern Middle East / |
| Statement of responsibility, etc | Radwan Ziadeh. |
| 250 ## - EDITION STATEMENT | |
| Edition statement | Rev. pbk. ed. |
| 260 ## - PUBLICATION, DISTRIBUTION, ETC. (IMPRINT) | |
| Place of publication, distribution, etc | London ; |
| -- | New York : |
| Name of publisher, distributor, etc | I. B. Tauris, |
| Date of publication, distribution, etc | c.2013. |
| 300 ## - PHYSICAL DESCRIPTION | |
| Extent | xxi, 228 p. ; |
| Dimensions | 20 cm. |
| 504 ## - BIBLIOGRAPHY, ETC. NOTE | |
| Bibliography, etc | Includes bibliographical references (p. 197-219) and index. |
| 650 #7 - SUBJECT ADDED ENTRY--TOPICAL TERM | |
| Topical term or geographic name as entry element | Intelligence service |
| Geographic subdivision | Syria. |
| Source of heading or term | BUEsh |
| 650 #7 - SUBJECT ADDED ENTRY--TOPICAL TERM | |
| Topical term or geographic name as entry element | Secret service |
| Geographic subdivision | Syria. |
| Source of heading or term | BUEsh |
| 650 #7 - SUBJECT ADDED ENTRY--TOPICAL TERM | |
| Topical term or geographic name as entry element | Democracy |
| Geographic subdivision | Syria. |
| Source of heading or term | BUEsh |
| 651 #7 - SUBJECT ADDED ENTRY--GEOGRAPHIC NAME | |
| Geographic name | Syria |
| General subdivision | Foreign relations |
| Chronological subdivision | 1971- |
| Source of heading or term | BUEsh |
| 651 #7 - SUBJECT ADDED ENTRY--GEOGRAPHIC NAME | |
| Geographic name | Syria |
| General subdivision | Politics and government |
| Chronological subdivision | 1971-2000. |
| Source of heading or term | BUEsh |
| 9 (RLIN) | 32261 |
| 651 #7 - SUBJECT ADDED ENTRY--GEOGRAPHIC NAME | |
| Geographic name | Syria |
| General subdivision | Politics and government |
| Chronological subdivision | 2000- |
| Source of heading or term | BUEsh |
| 9 (RLIN) | 32262 |
| 653 ## - INDEX TERM--UNCONTROLLED | |
| Resource For college | BAEPS, Political Science |
| Arrived date list | November2017 |
| 942 ## - ADDED ENTRY ELEMENTS (KOHA) | |
| Source of classification or shelving scheme | Dewey Decimal Classification |
| Withdrawn status | Item status | Source of classification or shelving scheme | Damaged status | Not for loan | Vendor | Home library | Current library | Shelving location | Date acquired | Source of acquisition | Total Checkouts | Total Renewals | Full call number | Barcode | Date last seen | Date last borrowed | Koha item type |
|---|---|---|---|---|---|---|---|---|---|---|---|---|---|---|---|---|---|
| Dewey Decimal Classification | Donation-Gift | Central Library | Central Library | First floor | 09/11/2017 | Donation | 2 | 5 | 327.5691 ZIA | 000042433 | 15/07/2025 | 11/11/2019 | Book - Borrowing |